000 00617nam a2200217Ia 4500
005 20241129110244.0
008 241129s9999||||xx |||||||||||||| ||und||
020 _a987-81-88413-35-6
037 _aTB
040 _aARTS
_beng
_cARTS
041 _aeng
_2urd
084 _aO168vM57 P6;R0
_qARTS
100 _aKashmiri Tabassum Au.
245 0 _aUrdu adab ki tareekh
_cKashmiri Tabassum Au.
260 _aDelhi, India
_bM. R. Publications
_c2020
300 _a892p.
365 _aINR
_b1275
650 _aUrdu LiteratureHistory
_9727590
942 _cTB
_hO168vM57 P6;R0
999 _c1227914
_d1227914